<?xml version="1.0" encoding="UTF-8"?>
<collection xmlns="http://www.loc.gov/MARC21/slim">
  <record>
    <leader>00000nam  2200000   4500</leader>
    <controlfield tag="001">INLIS000000000015928</controlfield>
    <controlfield tag="005">20231002021517</controlfield>
    <datafield tag="035" ind1="#" ind2="#">
      <subfield code="a">0010-1023000010</subfield>
    </datafield>
    <controlfield tag="007">ta</controlfield>
    <controlfield tag="008">231002################|##########|#|##</controlfield>
    <datafield tag="084" ind1="#" ind2="#">
      <subfield code="a">R 71 PIM I 2022</subfield>
    </datafield>
    <datafield tag="100" ind1=" " ind2="#">
      <subfield code="a">Dedy Suhartono</subfield>
    </datafield>
    <datafield tag="245" ind1="1" ind2="#">
      <subfield code="a">Manajemen Krisis Bencana dalam Rangka Mendukung Ketahanan Energi Nasional /</subfield>
      <subfield code="c">Dedy Suhartono</subfield>
    </datafield>
    <datafield tag="250" ind1="#" ind2="#">
      <subfield code="a">1</subfield>
    </datafield>
    <datafield tag="260" ind1="#" ind2="#">
      <subfield code="a">Jakarta :</subfield>
      <subfield code="b">Pusbangkom Pimnas dan Manajerial ASN,</subfield>
      <subfield code="c">2022</subfield>
    </datafield>
    <datafield tag="300" ind1="#" ind2="#">
      <subfield code="a">52 halaman :</subfield>
      <subfield code="b">ilus ;</subfield>
      <subfield code="c">30 cm</subfield>
    </datafield>
    <datafield tag="650" ind1="#" ind2="4">
      <subfield code="a">Manajemen Resiko</subfield>
    </datafield>
    <datafield tag="520" ind1="#" ind2="#">
      <subfield code="a">Indonesia memiliki potensi bencana yang cukup tinggi, jika tidak memiliki manajemen yang baik dalam hal kebencanaan, maka terjadinya bencana yang tidak ditangani dengan tepat dapat menggangu Ketahanan Energi Nasional. Untuk mencapai Visi Indonesia dalam mewujudkan Ketahanan Energi Nasional melalui Energi Baru Terbarukan (EBET) yang berpotensi terkendala oleh tingginya potensi bencana di Indonesia, maka diperlukan manajemen krisis bencana sehingga tidak mengganggu langkah negara dalam mencapai keberhasilan pembangunan Proyek Prioritas Nasional terkait Energi Baru Terbarukan yang dapat mendukung Ketahanan Energi Nasional.</subfield>
    </datafield>
    <datafield tag="990" ind1="#" ind2="#">
      <subfield code="a">71</subfield>
    </datafield>
  </record>
</collection>
